MARC

LEADER 00000nam0a2200000 4500
001 281747
005 20231101235431.0
020 |a RU  |b 84-64141 
035 |a (RuTPU)RU\TPU\book\305593 
090 |a 281747 
100 |a 20150126d1984 k y0rusy5003 ca 
101 0 |a rus 
102 |a RU 
105 |a a z 001zy 
200 1 |a Тектонический анализ рельефа (на примере Востока СССР)  |f Г. Ф. Уфимцев  |g Академия наук СССР (АН СССР), Сибирское отделение (СО), Институт земной коры (ИЗК) ; под ред. Н. А. Флоренсова 
210 |a Новосибирск  |c Наука  |d 1984 
215 |a 183 с.  |c ил. 
320 |a Библиогр.: с. 172-182 
606 |a Геоморфология структурная  |2 stltpush  |3 (RuTPU)RU\TPU\subj\6216  |9 34150 
610 1 |a неотектоника 
610 1 |a понятия 
610 1 |a неотектонический анализ 
610 1 |a СССР 
610 1 |a Восток 
610 1 |a неотектонические формы 
610 1 |a сводовые поднятия 
610 1 |a неотектонические процессы 
675 |a 551.432  |v 3 
700 1 |a Уфимцев  |b Г. Ф.  |g Геннадий Феодосьевич 
702 1 |a Флоренсов  |b Н. А.  |4 340 
712 0 2 |a Академия наук СССР (АН СССР)  |b Сибирское отделение (СО)  |b Институт земной коры (ИЗК)  |c (Иркутск)  |c (1957-1962)  |2 stltpush  |3 (RuTPU)RU\TPU\col\11543 
801 0 |a RU  |b RuMRKP  |c 19950704  |g psbo 
801 1 |a RU  |b 63413507  |c 20150126 
801 2 |a RU  |b 63413507  |c 20170629  |g RCR 
942 |c BK